000 00773 a2200205 4500
010 _aENG-85657
020 _a8183700853
_c500.00
035 _aEN-69190
037 _bD.B.Act /Pub
082 1 4 _a303.482
090 _c3321
_d3321
245 1 _aGlobalization and the changing scenario of cultural interaction
_cedited by N. Joykumar Singh
_bmanipur experience
260 _aNew Delhi
_bAkansha Publishing House
_c2007
270 _a4649-B/21, Ansari Raod, Daryaganj
_bNew Delhi
_e110 002
_k011-23263193, 9811582579
_mektabooks@yahoo.com
300 _axiv, 162 p.
_c22 cm ( Hb.)
500 _aIncludes index
710 1 _aSingh, N. Joykumar
942 _adpl
_cEN
_k303.482 / GLO
999 _c3256
_d3256